[Event "Detroit (Class DE/4/12)"]
[Site "?"]
[Date "1994.??.??"]
[Round "?"]
[White "Roberts, Andy"]
[Black "McNamara, Ron"]
[Result "0-1"]
[WhiteElo "1605"]
[BlackElo "1605"]
[PlyCount "104"]
[EventDate "1994.??.??"]

{4/(12)} 1. e4 d5 2. e5 e6 3. d4 c5 4. c3 Nc6 5. Nf3 f6 6. Bb5 Bd7 7. Nbd2 Qb6
8. Bd3 cxd4 9. cxd4 Nxd4 10. Nxd4 Qxd4 11. Nf3 Qb6 12. exf6 Nxf6 13. h3 Bc5 14.
Qe2 O-O 15. O-O a6 16. a3 h6 17. Rb1 Rfe8 18. Re1 Bb5 19. Bd2 Bxd3 20. Qxd3
Bxf2+ 21. Kh1 Bxe1 22. Nxe1 Ne4 23. Be3 Qb5 24. Qd1 Ng3+ 25. Kg1 Qf1+ 26. Kh2
Ne4 27. Qc2 Rac8 28. Qb3 d4 29. Bxd4 Nd2 30. Qxb7 Qf4+ 31. Kh1 Qxd4 32. Rd1 Rb8
33. Qxa6 Rxb2 34. Qc6 Rf8 35. Qxe6+ Kh8 36. Qe2 Nb3 37. Rxd4 Rxe2 38. Rd1 Rf1+
39. Kh2 Rexe1 40. Rd8+ Kh7 41. a4 Rh1+ 42. Kg3 Ra1 43. Rd3 Nc5 44. Rc3 Ne4+ 45.
Kf3 Nxc3 46. a5 Rxa5 47. Kg3 Rf1 48. Kh2 Rf2 49. Kg1 Raa2 50. Kh1 Rxg2 51. h4
Rgb2 52. Kg1 Ra1# 0-1

[Event "Detroit (Class DE/2/11)"]
[Site "?"]
[Date "1994.??.??"]
[Round "?"]
[White "Roberts, Andy"]
[Black "Mahabir, Jagdesh"]
[Result "1/2-1/2"]
[WhiteElo "1605"]
[BlackElo "1605"]
[PlyCount "55"]
[EventDate "1994.??.??"]

{2/(11)} 1. e4 e5 2. Nf3 Nc6 3. Nc3 Nf6 4. Bc4 Bc5 5. h3 O-O 6. d3 d6 7. a3 Be6
8. Bb5 Bd7 9. Bd2 a6 10. Ba4 b5 11. Bb3 Be6 12. Nd5 Nd4 13. Nxf6+ Qxf6 14. Bd5
Bxd5 15. exd5 Nxf3+ 16. Qxf3 Qxf3 17. gxf3 f5 18. f4 Rfe8 19. O-O-O exf4 20.
Bxf4 Bxf2 21. Rhf1 Be3+ 22. Bxe3 Rxe3 23. Rxf5 Rxh3 24. Rff1 Rh2 25. Rde1 a5
26. Re7 Rf8 27. Rxf8+ Kxf8 28. Rxc7 {[Remainder illegible; 1/2-1/2, 55?]}
1/2-1/2

[Event "Detroit (MI Op/3/31)"]
[Site "?"]
[Date "1994.??.??"]
[Round "?"]
[White "Robbins, Fred"]
[Black "Wisckol, Richard"]
[Result "1-0"]
[WhiteElo "2055"]
[BlackElo "1895"]
[PlyCount "63"]
[EventDate "1994.??.??"]

{3/(31)} 1. Nf3 Nf6 2. g3 g6 3. Bg2 Bg7 4. O-O O-O 5. d4 d5 6. c3 b6 7. Bf4 Bb7
8. Na3 c6 9. Nc2 Nbd7 10. Re1 Nh5 11. Bg5 h6 12. Bd2 e5 13. Nxe5 Nxe5 14. dxe5
Bxe5 15. Bxh6 Re8 16. e4 Kh7 17. Bd2 dxe4 18. Bxe4 Qc7 19. Qxh5+ Kg8 20. Qg4
Rad8 21. Bh6 Bc8 22. Qf3 c5 23. Rad1 Bg7 24. Bf4 Be5 25. Bg5 Rxd1 26. Rxd1 Be6
27. Bd5 Qc8 28. Ne3 b5 29. Bxe6 Qxe6 30. Nd5 f5 31. Re1 Qd7 32. Rxe5 1-0

[Event "Detroit (Class A/1/1)"]
[Site "?"]
[Date "1994.??.??"]
[Round "?"]
[White "Robbins, Fred"]
[Black "Ward, Tim"]
[Result "1-0"]
[WhiteElo "1985"]
[BlackElo "1900"]
[PlyCount "101"]
[EventDate "1994.??.??"]

{1/(1)} 1. f4 d5 2. Nf3 c5 3. e3 Nc6 4. Bb5 Nf6 5. b3 Bd7 6. Bb2 d4 7. O-O e6
8. Na3 a6 9. Bxc6 Bxc6 10. Nc4 dxe3 11. Nxe3 Be7 12. d3 b5 13. Ne5 Bb7 14. Qe2
O-O 15. f5 Nd7 16. fxe6 Nxe5 17. Bxe5 fxe6 18. Qg4 Bf6 19. Qxe6+ Kh8 20. Bxf6
Rxf6 21. Rxf6 Qxf6 22. Qxf6 gxf6 23. Rf1 Kg7 24. Nf5+ Kg6 25. Nd6 Bc6 26. Re1
Rd8 27. Ne4 c4 28. Nc5 cxd3 29. Nxd3 Rd4 30. g3 Re4 31. Kf2 Rxe1 32. Nxe1 Kf5
33. Nd3 Ke4 34. Ke2 Kd4 35. Kd2 Ke4 36. c3 h5 37. Ke2 Kf5 38. Ke3 Bb7 39. h3
Bg2 40. Nf4 Be4 41. Nxh5 Bb1 42. a3 Ba2 43. b4 Bf7 44. Nf4 Kg5 45. Kd4 Kf5 46.
Nd5 Be6 47. Ne3+ Kg5 48. h4+ Kh5 49. Kc5 Bc8 50. c4 Bd7 51. Kd6 1-0

[Event "Detroit (MI Op/7/17)"]
[Site "?"]
[Date "1994.??.??"]
[Round "?"]
[White "Robbins, Fred"]
[Black "VanLoon, C."]
[Result "1/2-1/2"]
[WhiteElo "2055"]
[BlackElo "1950"]
[PlyCount "121"]
[EventDate "1994.??.??"]

{7/(17)} 1. Nf3 e6 2. g3 d5 3. Bg2 c5 4. O-O Nc6 5. d3 Nf6 6. Nbd2 Bd6 7. e4
O-O 8. Re1 Qc7 9. Qe2 dxe4 10. dxe4 e5 11. Nc4 h6 12. Be3 b6 13. Nxd6 Qxd6 14.
Rad1 Qc7 15. Bc1 Bg4 16. c3 Rad8 17. h3 Be6 18. b3 Rxd1 19. Rxd1 Rd8 20. Nh2
Rxd1+ 21. Qxd1 Qd7 22. Qxd7 Bxd7 23. f4 Ne8 24. Nf3 f6 25. Kf2 Nd6 26. Ne1 Kf7
27. Nd3 c4 28. fxe5 fxe5 29. Nb2 cxb3 30. axb3 Bxh3 31. Bxh3 Nxe4+ 32. Ke3 Nxc3
33. Bg2 Nd4 34. Kf2 Nxb3 35. Be3 Kf6 36. Ke1 Nd4 37. Kd2 Ncb5 38. Kd3 Nf5 39.
Bf2 h5 40. Nc4 Nfd4 41. Ke4 Ne2 42. Kf3 Nbd4+ 43. Ke4 Nc3+ 44. Kd3 Ncb5 45. Ke4
Nc6 46. Nxb6 axb6 47. Bxb6 Nb4 48. Bd8+ Ke6 49. Bh3+ Kf7 50. Bd7 Na7 51. Bb6
Nac6 52. Bxc6 Nxc6 53. Kd5 Nb4+ 54. Kxe5 Kg6 55. Ke4 Kg5 56. Kf3 Nd5 57. Bd4 g6
58. Bc5 Kf5 59. Bd4 Nf6 60. Ba7 Ne4 61. Bb8 1/2-1/2

[Event "Detroit (MCO/Ch/1a/7)"]
[Site "?"]
[Date "1994.??.??"]
[Round "?"]
[White "Robbins, Fred"]
[Black "Strugach, L."]
[Result "0-1"]
[WhiteElo "2055"]
[BlackElo "2370"]
[PlyCount "78"]
[EventDate "1994.??.??"]

1. Nf3 Nf6 2. g3 d5 3. Bg2 c5 4. O-O Nc6 5. d3 e5 6. Nbd2 Be7 7. Re1 e4 8. dxe4
dxe4 9. Ng5 e3 10. Nde4 Qxd1 11. Rxd1 exf2+ 12. Nxf2 Nd4 13. Rd2 Ng4 14. Nf3
Ne3 15. Nxd4 cxd4 16. Be4 Bc5 17. Kh1 O-O 18. Nd3 Bb6 19. Nf4 Re8 20. Bd3 Ba5
21. Bb5 Re5 22. b4 Rxb5 23. bxa5 Bf5 24. Nd3 Rc8 25. Ba3 Nxc2 26. Rxc2 Rxc2 27.
Re1 Rxa2 28. Bc5 Rbxa5 29. Bxd4 f6 30. Kg1 Kf7 31. Nf4 R5a4 32. e3 Rc2 33. Rb1
Rg2+ 34. Kxg2 Bxb1 35. Kf3 f5 36. h4 a5 37. g4 fxg4+ 38. Kxg4 Rxd4 39. exd4 a4
0-1

[Event "Detroit (MI Op/5/19)"]
[Site "?"]
[Date "1994.??.??"]
[Round "?"]
[White "Robbins, Fred"]
[Black "Skidmore, Jennifer"]
[Result "1-0"]
[WhiteElo "2055"]
[BlackElo "1920"]
[PlyCount "121"]
[EventDate "1994.??.??"]

{5/(19)} 1. Nf3 d5 2. g3 Bg4 3. Bg2 Nf6 4. d3 Nc6 5. O-O e5 6. Nbd2 Bc5 7. Nb3
Bb6 8. c3 O-O 9. h3 Bh5 10. Qc2 Re8 11. Bg5 h6 12. Bc1 e4 13. dxe4 Nxe4 14. e3
Qf6 15. Nbd4 Nd8 16. Nh2 c5 17. Ne2 g5 18. g4 Bg6 19. Qd1 Nc6 20. f4 gxf4 21.
Nxf4 Qd6 22. Qxd5 Qxd5 23. Nxd5 Bd8 24. b3 Ne5 25. Ba3 Kg7 26. Rad1 Ng3 27. Rf2
Nd3 28. Rfd2 Bh4 29. Rxd3 Ne2+ 30. Kf1 Ng3+ 31. Kf2 Ne4+ 32. Ke2 Nf2 33. R3d2
Nxd1 34. Rxd1 Bg3 35. Nf3 b6 36. c4 Re6 37. Bb2+ Kf8 38. Nd2 Rae8 39. Bf6 Kg8
40. Kf3 Bb8 41. Bh4 Kg7 42. Ke2 Be5 43. Nf1 f5 44. Ng3 f4 45. Nf5+ Kh7 46. e4
h5 47. Bf3 hxg4 48. hxg4 Bxf5 49. gxf5 Rh6 50. Rh1 Rh8 51. Bg5 Rxh1 52. Bxh1
Kg7 53. Bg2 Rh2 54. Kf3 Kf7 55. Nxf4 a5 56. Nd5 Rh5 57. Bd2 Rh8 58. Nxb6 Rg8
59. Nd5 Rg3+ 60. Kf2 Rd3 61. Bxa5 1-0

[Event "Detroit (MI Op/1a/20)"]
[Site "?"]
[Date "1994.??.??"]
[Round "?"]
[White "Robbins, Fred"]
[Black "Potter, George"]
[Result "1/2-1/2"]
[WhiteElo "2055"]
[BlackElo "1840"]
[PlyCount "155"]
[EventDate "1994.??.??"]

1. Nf3 Nc6 2. g3 e5 3. d3 d5 4. Bg2 Nf6 5. O-O Be6 6. Nbd2 Bc5 7. c3 e4 8. Ng5
e3 9. Nb3 exf2+ 10. Kh1 Bb6 11. d4 O-O 12. Bf4 h6 13. Nh3 Bxh3 14. Bxh3 Ne4 15.
Qd3 Qf6 16. Nd2 Rfe8 17. Nf3 g5 18. Be3 Qg7 19. Bd7 Re7 20. Bxc6 bxc6 21. Bxf2
Rae8 22. Rae1 Nxf2+ 23. Rxf2 c5 24. Kg2 c4 25. Qf5 c6 26. Kf1 Re6 27. Nd2 Re3
28. Rf3 R3e6 29. e4 Bd8 30. e5 f6 31. Rfe3 fxe5 32. Qg4 e4 33. Ke2 Rf6 34. Rf1
Ref8 35. Ke1 Qf7 36. Qe2 Rxf1+ 37. Nxf1 Kg7 38. g4 Bc7 39. Qg2 Bf4 40. Re2 Qg6
41. Ne3 Bxe3 42. Rxe3 Rf4 43. Qg3 h5 44. gxh5 Qxh5 45. Re2 Qh4 46. Rg2 Qxg3+
47. hxg3 Rf3 48. g4 Rf4 49. Ke2 Kf6 50. Ke1 Ke6 51. Ke2 Kd6 52. b4 cxb3 53.
axb3 c5 54. Rg1 Rf3 55. dxc5+ Kxc5 56. Kd2 Rf2+ 57. Kc1 a5 58. Rd1 Rg2 59. b4+
axb4 60. cxb4+ Kxb4 61. Rxd5 Rxg4 62. Kd2 Kc4 63. Rd8 Rg3 64. Ke2 Rd3 65. Rg8
Rd5 66. Ke3 Re5 67. Rd8 Kc5 68. Rd4 g4 69. Rd1 g3 70. Rg1 Kd5 71. Rxg3 Rf5 72.
Rg8 Rf3+ 73. Ke2 Rf6 74. Ke3 Rf3+ 75. Ke2 Ke5 76. Re8+ Kf4 77. Rf8+ Kg3 78.
Rg8+ 1/2-1/2

[Event "Detroit (MCO/Ch/5/11)"]
[Site "?"]
[Date "1994.??.??"]
[Round "?"]
[White "Robbins, Fred"]
[Black "Moody, David"]
[Result "0-1"]
[WhiteElo "2055"]
[BlackElo "2000"]
[PlyCount "64"]
[EventDate "1994.??.??"]

{5/(11)} 1. Nf3 b5 2. e4 Bb7 3. d3 g6 4. Be2 Bg7 5. O-O c5 6. Nbd2 Nc6 7. Rb1
Nh6 8. Re1 O-O 9. Nf1 e5 10. c3 Qb6 11. Ng3 f5 12. Bxh6 Bxh6 13. exf5 gxf5 14.
Nh4 Ne7 15. Bf3 Bxf3 16. Qxf3 Qf6 17. Qh5 d5 18. Re2 e4 19. dxe4 fxe4 20. Qg4+
Kh8 21. Qh3 Bg5 22. Nh5 Qh6 23. g4 Rf7 24. Qg3 Bxh4 25. Qxh4 Rg8 26. Kh1 Ng6
27. Qg3 Nf4 28. Nxf4 Rxf4 29. Rg1 Rgxg4 30. Qxg4 Rxg4 31. Rxg4 Qh5 32. f3 exf3
0-1

[Event "Detroit (MCO/Ch/3/9)"]
[Site "?"]
[Date "1994.??.??"]
[Round "?"]
[White "Robbins, Fred"]
[Black "Leykekhman, D."]
[Result "0-1"]
[WhiteElo "2055"]
[BlackElo "2295"]
[PlyCount "138"]
[EventDate "1994.??.??"]

{3/(9)} 1. Nf3 Nf6 2. g3 g6 3. b3 Bg7 4. Bb2 d5 5. Bg2 O-O 6. O-O c6 7. d3 Nbd7
8. Nbd2 Qc7 9. e4 dxe4 10. Nxe4 Nxe4 11. Bxg7 Nxf2 12. Rxf2 Kxg7 13. Qf1 Nf6
14. Re1 Be6 15. Rfe2 Rae8 16. Rxe6 fxe6 17. Ng5 Qb6+ 18. Kh1 Ng4 19. Nxe6+ Kg8
20. Bf3 Rf6 21. Qe2 Nh6 22. c3 Nf5 23. d4 Ng7 24. Nc5 Qc7 25. Bg4 Nf5 26. Ne4
Rff8 27. Ng5 Qd6 28. Bh3 Qd5+ 29. Ne4 Nd6 30. Bg2 Nxe4 31. Bxe4 Qd6 32. Bg2 Rf6
33. Bh3 Kg7 34. Kg1 b6 35. Qe3 h5 36. Qe4 a5 37. a4 Qd5 38. Qc2 h4 39. Re5 Qd6
40. Re3 hxg3 41. hxg3 c5 42. dxc5 Qxc5 43. Qe4 Kf8 44. Kh2 Rd8 45. b4 Rd2+ 46.
Kg1 axb4 47. cxb4 Qd6 48. Be6 Rd1+ 49. Kg2 Rd4 50. Qa8+ Qd8 51. Qxd8+ Rxd8 52.
Bb3 Rd4 53. b5 Rd2+ 54. Kh3 Ke8 55. Rc3 Kd7 56. Re3 Rd4 57. Bc2 Rc4 58. Rd3+
Kc7 59. Bb3 Rb4 60. Bc2 e5 61. Rc3+ Kd7 62. Rd3+ Rd4 63. Ra3 Kd6 64. Rc3 e4 65.
Re3 Ke5 66. Rc3 Rf2 67. Rc6 e3 68. Bxg6 e2 69. Rc8 Rd6 0-1

[Event "Detroit (Class A/4/2)"]
[Site "?"]
[Date "1994.??.??"]
[Round "?"]
[White "Robbins, Fred"]
[Black "Levadi, David"]
[Result "1-0"]
[WhiteElo "1985"]
[BlackElo "1930"]
[PlyCount "71"]
[EventDate "1994.??.??"]

{4/(2)} 1. f4 g6 2. Nf3 Bg7 3. e3 Nf6 4. Be2 d5 5. Ne5 Nbd7 6. d4 Ne4 7. Nd2
Nxd2 8. Bxd2 f6 9. Nd3 b6 10. Bf3 Bb7 11. Nb4 e6 12. c4 a5 13. Nc2 f5 14. O-O
Nf6 15. b4 Ne4 16. Bxe4 dxe4 17. bxa5 bxa5 18. Rb1 Bc8 19. Na3 O-O 20. Bc3 c6
21. Rf2 Rf7 22. Rfb2 Bf8 23. Qa4 Rfa7 24. Rb6 Bd6 25. c5 Bc7 26. R6b2 g5 27. g3
Bd7 28. Nc4 Be8 29. Nb6 Rb8 30. d5 cxd5 31. Qd4 e5 32. fxe5 Kf7 33. Nxd5 Rxb2
34. Rxb2 Bb8 35. e6+ Kxe6 36. Rb6+ 1-0

[Event "Detroit (Class A/3/3)"]
[Site "?"]
[Date "1994.??.??"]
[Round "?"]
[White "Robbins, Fred"]
[Black "Kung, Fred"]
[Result "1-0"]
[WhiteElo "1985"]
[BlackElo "1815"]
[PlyCount "83"]
[EventDate "1994.??.??"]

{3/(3)} 1. f4 d5 2. Nf3 c5 3. e3 Nc6 4. Bb5 e6 5. Bxc6+ bxc6 6. b3 Be7 7. Bb2
Bf6 8. Ne5 Bxe5 9. Bxe5 f6 10. Bb2 Ba6 11. d3 Rb8 12. O-O c4 13. Qg4 Qd7 14.
Rd1 cxd3 15. cxd3 Nh6 16. Qh5+ Qf7 17. Qf3 Qg6 18. e4 Qg4 19. Nc3 Qxf3 20. gxf3
O-O 21. Na4 Kf7 22. Rac1 Rfc8 23. Kf2 Ng8 24. Ke3 Ne7 25. Nc5 Bb7 26. Rg1 Rg8
27. Rg3 g5 28. fxg5 fxg5 29. Be5 h6 30. Rh3 Kg6 31. Bxb8 Rxb8 32. Rg3 Bc8 33.
h4 e5 34. hxg5 h5 35. Rh1 dxe4 36. dxe4 Rb5 37. Nd3 Bd7 38. f4 exf4+ 39. Nxf4+
Kf7 40. Rxh5 Kg8 41. g6 Rxh5 42. Nxh5 1-0

[Event "Detroit (Class A/5/1)"]
[Site "?"]
[Date "1994.??.??"]
[Round "?"]
[White "Robbins, Fred"]
[Black "Fleming, William"]
[Result "1/2-1/2"]
[WhiteElo "1985"]
[BlackElo "1875"]
[PlyCount "91"]
[EventDate "1994.??.??"]

{5/(1)} 1. f4 d5 2. Nf3 g6 3. e3 c5 4. Ne5 Bg7 5. Bb5+ Bd7 6. Bxd7+ Nxd7 7. d4
Ngf6 8. O-O Ne4 9. Nd2 cxd4 10. exd4 Ndf6 11. c3 O-O 12. Qe2 Nxd2 13. Bxd2 Ne4
14. Be3 Qc7 15. Rf3 Rae8 16. Raf1 f5 17. h4 e6 18. Rh3 Bxe5 19. fxe5 Qc4 20.
Qxc4 dxc4 21. Rhf3 h5 22. Re1 b5 23. Bf4 Rd8 24. a3 a5 25. Ra1 Rd7 26. Rb1 Rb8
27. b3 Rbb7 28. b4 axb4 29. Rxb4 Rd5 30. Rb1 Ra7 31. Bc1 Kf7 32. Re3 Ke8 33.
Bb2 Kd7 34. Rf1 Kc6 35. Rxe4 fxe4 36. Rf6 Re7 37. Rxg6 Kd7 38. Kf2 Rf7+ 39. Ke2
Rf4 40. g3 Rg4 41. Rxg4 hxg4 42. Ke3 Ke8 43. Kxe4 Rd7 44. Bc1 Rf7 45. Bf4 Ra7
46. Bc1 1/2-1/2

[Event "Detroit (Class C/2/18)"]
[Site "?"]
[Date "1994.??.??"]
[Round "?"]
[White "Revnell, Joseph"]
[Black "Vaughn, Gerald"]
[Result "0-1"]
[WhiteElo "1605"]
[BlackElo "1605"]
[PlyCount "126"]
[EventDate "1994.??.??"]

{2/(18)} 1. d4 d5 2. Nf3 Nf6 3. Nbd2 c5 4. c4 cxd4 5. Nxd4 Nc6 6. Nxc6 bxc6 7.
e3 e5 8. a3 Bd6 9. Qc2 O-O 10. b3 e4 11. Bb2 Re8 12. h3 Be6 13. c5 Bc7 14. Bd4
a5 15. Be2 h6 16. g4 Qd7 17. Qb2 Bd8 18. O-O-O Rf8 19. Rdg1 Ne8 20. Bxg7 Nxg7
21. Rh2 Qe7 22. Qd4 Qf6 23. Qxf6 Bxf6 24. Rhg2 Rab8 25. g5 hxg5 26. h4 gxh4 27.
Bg4 Bxg4 28. Rxg4 Kh7 29. Rf4 Be7 30. f3 Nh5 31. Rf5 Ng3 32. Rxg3 hxg3 33. Rh5+
Kg6 34. Rh1 Rh8 35. Rg1 Rh3 36. fxe4 Bxc5 37. Nf1 Bxa3+ 38. Kc2 Bc5 39. Nxg3
Bxe3 40. Rg2 Bg5 41. Nf5 Re8 42. Nd6 Re7 43. exd5 cxd5 44. Nb5 Kh5 45. Nd4 Bf4
46. Nf5 Rc7+ 47. Kb2 Rh2 48. Ng7+ Kh4 49. Nf5+ Kh3 50. Rxh2+ Kxh2 51. Ka3 Rb7
52. Nd4 Bd6+ 53. Ka2 Bb4 54. Nf3+ Kg3 55. Ne5 f6 56. Nd3 Rc7 57. Kb2 Rc3 58.
Nc1 Kf3 59. Na2 d4 60. Nxc3 dxc3+ 61. Kc2 Ke2 62. Kc1 f5 63. Kc2 f4 0-1

[Event "Gaylord (NMO/1/15)"]
[Site "?"]
[Date "1994.??.??"]
[Round "?"]
[White "Revnell, Joseph"]
[Black "Ranger, S."]
[Result "1-0"]
[WhiteElo "1605"]
[BlackElo "1605"]
[PlyCount "51"]
[EventDate "1994.??.??"]

{1/(15)} 1. d4 Nc6 2. Nf3 Nf6 3. e3 d5 4. c4 e5 5. dxe5 Bb4+ 6. Bd2 Nd7 7. cxd5
Bxd2+ 8. Nbxd2 Ncxe5 9. Be2 O-O 10. Qc2 c6 11. dxc6 bxc6 12. O-O Qe7 13. Rac1
Rb8 14. b3 Rb6 15. Nc4 Nxc4 16. Bxc4 c5 17. Rfd1 Ne5 18. Nxe5 Qxe5 19. Rd5 Qe6
20. Rxc5 Qd7 21. Rxc8 Rxc8 22. Bxf7+ Qxf7 23. Qxc8+ Qf8 24. Qg4 Rf6 25. Rc8 Rg6
26. Rxf8+ 1-0

[Event "Detroit (Class C/4/24)"]
[Site "?"]
[Date "1994.??.??"]
[Round "?"]
[White "Revnell, Joseph"]
[Black "Osebold, J."]
[Result "0-1"]
[WhiteElo "1605"]
[BlackElo "1605"]
[PlyCount "72"]
[EventDate "1994.??.??"]

{4/(24)} 1. d4 c6 2. Nf3 d5 3. e3 Bf5 4. Nbd2 Nd7 5. c4 e6 6. a3 Ngf6 7. b3 c5
8. Bb2 Be7 9. h3 O-O 10. g4 Bg6 11. g5 Ne4 12. h4 Bh5 13. Bd3 Nxd2 14. Kxd2
cxd4 15. Bxd4 e5 16. Be2 exd4 17. Nxd4 Bxe2 18. Qxe2 dxc4 19. b4 Rc8 20. Kc3
Ne5 21. f4 Nd3 22. h5 a5 23. b5 a4 24. Nf5 Bc5 25. Qf3 Re8 26. Nd4 Bb6 27. Qxb7
Ba5+ 28. Kc2 Rxe3 29. Nc6 Qe8 30. Nxa5 Rb8 31. Qc6 Qd8 32. Nb7 Qd4 33. Rab1
Rbe8 34. Qd6 Re2+ 35. Kd1 Nf2+ 36. Kc1 Qc3# 0-1

[Event "Gaylord (NMO/5/9)"]
[Site "?"]
[Date "1994.??.??"]
[Round "?"]
[White "Revnell, Joseph"]
[Black "Gatesy, Matthew"]
[Result "1-0"]
[WhiteElo "1605"]
[BlackElo "1605"]
[PlyCount "57"]
[EventDate "1994.??.??"]

{5/(9)} 1. d4 d5 2. Nf3 Nc6 3. e3 Bg4 4. c4 e6 5. Nc3 Nf6 6. Bd3 Bb4 7. Bd2 O-O
8. Qc2 g6 9. h3 Bxf3 10. gxf3 e5 11. dxe5 dxc4 12. Bxc4 Nxe5 13. Be2 Bxc3 14.
Qxc3 Qd6 15. O-O-O Nd5 16. Qb3 Qb6 17. Qxd5 Rfe8 18. Bc3 Rad8 19. Qxd8 Rxd8 20.
Rxd8+ Kg7 21. Bxe5+ Kh6 22. Rhd1 Qc5+ 23. Bc3 Qh5 24. R8d7 Qxh3 25. Rxf7 Qe6
26. Rdd7 Qxa2 27. Rxh7+ Kg5 28. f4+ Kf5 29. Rhf7+ 1-0

[Event "Gaylord (NMO/3/10)"]
[Site "?"]
[Date "1994.??.??"]
[Round "?"]
[White "Revnell, Joseph"]
[Black "Crysler, Jerry"]
[Result "1-0"]
[WhiteElo "1605"]
[BlackElo "1605"]
[PlyCount "45"]
[EventDate "1994.??.??"]

{3/(10)} 1. d4 e5 2. dxe5 d6 3. Nf3 Nc6 4. e3 Bg4 5. Be2 Nxe5 6. Nxe5 Bxe2 7.
Nxf7 Qf6 8. Nxd6+ Bxd6 9. Qxe2 O-O-O 10. Nc3 Bb4 11. Qg4+ Kb8 12. Qxb4 Ne7 13.
Bd2 Rxd2 14. Kxd2 Qxf2+ 15. Kc1 Qxe3+ 16. Kb1 Re8 17. a3 Nc6 18. Nd5 Qf2 19.
Qf4 Qxg2 20. Qxc7+ Ka8 21. Rd1 Rb8 22. Qg3 Qe2 23. Nc7# 1-0

[Event "Grand Rapids (MI Am/5/27)"]
[Site "?"]
[Date "1994.??.??"]
[Round "?"]
[White "Repas, B."]
[Black "Priebe, Raymond"]
[Result "1-0"]
[WhiteElo "1605"]
[BlackElo "1605"]
[PlyCount "145"]
[EventDate "1994.??.??"]

{5/(27)} 1. c4 Nf6 2. d4 e6 3. Nc3 Bb4 4. a3 Bxc3+ 5. bxc3 b6 6. Bg5 Bb7 7. e3
d6 8. Qa4+ Qd7 9. Qxd7+ Nbxd7 10. f3 O-O 11. Bd3 c5 12. Ne2 d5 13. O-O dxc4 14.
Bxc4 Rac8 15. Bb5 Bc6 16. a4 a5 17. e4 Bxb5 18. axb5 Rfe8 19. Rfc1 e5 20. d5 c4
21. Rd1 Nc5 22. Nc1 Nb3 23. Ra3 Nxc1 24. Bxc1 Rc5 25. Be3 Rxb5 26. d6 Nd7 27.
Raa1 Rb3 28. Bxb6 Rxb6 29. Rxa5 Re6 30. Ra8+ Nf8 31. d7 Red6 32. Rxd6 Rxd6 33.
d8=Q Rxd8 34. Rxd8 g6 35. Rc8 f5 36. Rxc4 Ne6 37. Rc6 Nf4 38. exf5 gxf5 39. c4
e4 40. fxe4 fxe4 41. Kf2 Kf7 42. g3 Nd3+ 43. Ke3 Ne5 44. Rc7+ Kg6 45. Kxe4 Ng4
46. h4 h5 47. Rc6+ Kf7 48. Kf5 Ne3+ 49. Kg5 Ke7 50. Kxh5 Kd7 51. Rc5 Kd6 52.
Rd5+ Nxd5 53. cxd5 Kxd5 54. Kg5 Ke6 55. Kg6 Ke5 56. h5 Ke4 57. h6 Kf3 58. h7
Kxg3 59. h8=R Kf4 60. Rh5 Kg4 61. Ra5 Kf4 62. Kf6 Ke4 63. Ke6 Kf4 64. Rb5 Ke4
65. Rb4+ Kd3 66. Kd5 Kc3 67. Rh4 Kd3 68. Rh3+ Ke2 69. Kd4 Kf2 70. Ke4 Ke1 71.
Rh2 Kf1 72. Ke3 Ke1 73. Rh1# 1-0

[Event "Grand Rapids (MI Am/2/21)"]
[Site "?"]
[Date "1994.??.??"]
[Round "?"]
[White "Repas, B."]
[Black "Neely, Richard"]
[Result "0-1"]
[WhiteElo "1605"]
[BlackElo "1605"]
[PlyCount "80"]
[EventDate "1994.??.??"]

{2/(21)} 1. c4 Nf6 2. d4 c5 3. dxc5 Qa5+ 4. Nc3 Qxc5 5. e3 g6 6. Nf3 Bg7 7. Rb1
Nc6 8. a3 a5 9. g3 O-O 10. Bg2 Qxc4 11. Bf1 Qc5 12. Na4 Qa7 13. Bg2 d6 14. O-O
Bf5 15. Ra1 Bg4 16. h3 Bxf3 17. Bxf3 Rfd8 18. Nc3 Ne5 19. Bg2 Rac8 20. Nb5 Qb8
21. b3 e6 22. Rb1 d5 23. Bb2 Rc5 24. a4 Rdc8 25. Rc1 b6 26. Rxc5 bxc5 27. Qd2
c4 28. bxc4 Nxc4 29. Qe2 Nxb2 30. Qxb2 Ne4 31. Qa2 Nc3 32. Qb3 Rc4 33. Ra1 Nxb5
34. Rb1 Rb4 35. Qd3 Nc3 36. Rxb4 Qxb4 37. Qc2 Nxa4 38. e4 d4 39. Bf1 Nc3 40. f4
a4 0-1

[Event "Grand Rapids (MI Am/2/28)"]
[Site "?"]
[Date "1994.??.??"]
[Round "?"]
[White "Reist, Douglas"]
[Black "Nolan, Dan"]
[Result "1-0"]
[WhiteElo "1605"]
[BlackElo "1605"]
[PlyCount "47"]
[EventDate "1994.??.??"]

{2/(28)} 1. e4 c5 2. Nf3 Nc6 3. d4 d6 4. Bb5 Bd7 5. O-O a6 6. Bxc6 Bxc6 7. Nc3
Nf6 8. Re1 d5 9. e5 Ne4 10. Nxe4 dxe4 11. Nd2 Qxd4 12. c3 Qxe5 13. Qe2 Qc7 14.
Nxe4 Bxe4 15. Qxe4 e6 16. Bf4 Qc6 17. Qxc6+ bxc6 18. c4 Be7 19. Rad1 O-O 20.
Rd7 Rfe8 21. Rc7 Rab8 22. b3 Red8 23. Rxe7 a5 24. Bxb8 1-0

[Event "Grand Rapids (MI Am/5/25)"]
[Site "?"]
[Date "1994.??.??"]
[Round "?"]
[White "Reist, Douglas"]
[Black "Lindsey, P."]
[Result "1-0"]
[WhiteElo "1605"]
[BlackElo "1605"]
[PlyCount "39"]
[EventDate "1994.??.??"]

{5/(25)} 1. e4 c5 2. Nf3 e6 3. d4 cxd4 4. Nxd4 a6 5. Be2 Nf6 6. Nc3 Bb4 7. Bd2
Bxc3 8. Bxc3 Nxe4 9. Bd2 Qb6 10. Bc1 Nc6 11. c3 e5 12. Bf3 Nxf2 13. Kxf2 exd4
14. Re1+ Kf8 15. Bxc6 dxc3+ 16. Kf1 Qxc6 17. bxc3 d5 18. Qe2 Qc4 19. Qxc4 dxc4
20. Ba3+ 1-0

[Event "Grand Rapids (MI Am/3/14)"]
[Site "?"]
[Date "1994.??.??"]
[Round "?"]
[White "Reist, Douglas"]
[Black "Gatchalian, F."]
[Result "0-1"]
[WhiteElo "1605"]
[BlackElo "1910"]
[PlyCount "50"]
[EventDate "1994.??.??"]

{3/(14)} 1. e4 c5 2. Nf3 d6 3. d4 cxd4 4. Nxd4 Nf6 5. Nc3 a6 6. Be2 e5 7. Nf3
Be7 8. O-O O-O 9. Kh1 b5 10. a3 Bb7 11. Bd3 Nbd7 12. Qe2 Rc8 13. Bd2 Qc7 14. h3
Nc5 15. Rac1 Qd7 16. Nh2 Ne6 17. f4 g6 18. Qf2 Nh5 19. Ne2 Neg7 20. g4 d5 21.
Nc3 Rxc3 22. Bxc3 dxe4 23. Kg1 Nxf4 24. Qe3 exd3 25. Qxe5 Nxh3# 0-1

[Event "Detroit (WCO/4/19)"]
[Site "?"]
[Date "1994.??.??"]
[Round "?"]
[White "Reeves, Andre"]
[Black "Zuniga, Jesus"]
[Result "1/2-1/2"]
[WhiteElo "1765"]
[BlackElo "1605"]
[PlyCount "69"]
[EventDate "1994.??.??"]

{4/(19)} 1. e4 e6 2. d4 d5 3. Nd2 Nf6 4. e5 Nfd7 5. f4 c5 6. c3 Nc6 7. Ndf3 Qb6
8. Ne2 cxd4 9. cxd4 Bb4+ 10. Bd2 Bxd2+ 11. Qxd2 Qb4 12. g4 O-O 13. Bh3 Qxd2+
14. Kxd2 Ne7 15. f5 exf5 16. gxf5 Nb6 17. Ng3 Nc4+ 18. Kc3 Ne3 19. Nh4 Bd7 20.
b3 Rac8+ 21. Kd2 Nc2 22. Rac1 Nxd4 23. Rxc8 Rxc8 24. Rg1 Kf8 25. Ke3 Nc2+ 26.
Kf4 Nb4 27. e6 Be8 28. Nh5 g6 29. fxg6 fxg6 30. Nf6 Kg7 31. Nh5+ Kf8 32. Nf6
Kg7 33. Nh5+ Kf8 34. Nf6 Kg7 35. Nh5+ 1/2-1/2

[Event "Detroit (CAO/5/2)"]
[Site "?"]
[Date "1994.??.??"]
[Round "?"]
[White "Reeves, Andre"]
[Black "Tsemekhman, Vadim"]
[Result "0-1"]
[WhiteElo "1715"]
[BlackElo "2460"]
[PlyCount "113"]
[EventDate "1994.??.??"]

{5/(2)} 1. b4 c6 2. Bb2 Nf6 3. c4 a5 4. b5 d5 5. e3 Bg4 6. Be2 Bxe2 7. Nxe2
dxc4 8. bxc6 Nxc6 9. Qa4 e6 10. Nd4 Qd7 11. Qxc4 Nxd4 12. Qxd4 b5 13. Qxd7+
Kxd7 14. Nc3 Rb8 15. f4 Bd6 16. Ne2 Rhc8 17. Rc1 a4 18. O-O b4 19. d3 Bc5 20.
Bd4 Bxd4 21. Nxd4 Nd5 22. Rce1 b3 23. e4 Nc3 24. axb3 axb3 25. e5 b2 26. f5
b1=Q 27. fxe6+ fxe6 28. Rf7+ Ke8 29. Ref1 Qxf1+ 30. Rxf1 Rb1 31. Nxe6 Ke7 32.
Rxb1 Nxb1 33. Nxg7 Nc3 34. Kf2 Kf7 35. Nh5 Ke6 36. d4 Rf8+ 37. Ke3 Nd1+ 38. Ke4
Nf2+ 39. Ke3 Ng4+ 40. Ke4 Rf1 41. Nf4+ Kd7 42. h3 Nf2+ 43. Kf5 Nd3 44. g3 Nxf4
45. gxf4 Kc6 46. Ke6 Rxf4 47. d5+ Kc7 48. Ke7 Rd4 49. d6+ Kc6 50. e6 Rxd6 51.
Kf7 Rd1 52. e7 Rf1+ 53. Ke8 Kc7 54. h4 Re1 55. h5 Kd6 56. Kf7 Rxe7+ 57. Kf6 0-1

[Event "Detroit (CAO/3/4)"]
[Site "?"]
[Date "1994.??.??"]
[Round "?"]
[White "Reeves, Andre"]
[Black "Khraizat, Ali"]
[Result "1-0"]
[WhiteElo "1715"]
[BlackElo "1605"]
[PlyCount "89"]
[EventDate "1994.??.??"]

{3/(4)} 1. e4 e6 2. d4 d5 3. Nd2 c5 4. exd5 Qxd5 5. Qf3 Nf6 6. Bc4 Qxf3 7.
Ndxf3 Nc6 8. Ne2 cxd4 9. Nexd4 Nxd4 10. Nxd4 Bc5 11. Nf3 O-O 12. Bg5 Ne4 13.
O-O b6 14. c3 Bb7 15. b4 Bxf2+ 16. Rxf2 Nxf2 17. Kxf2 Rac8 18. Rc1 Rxc4 19. Nd4
Rfc8 20. Nb5 Ra8 21. Nd6 Rc7 22. Nxb7 Rxb7 23. c4 Rc8 24. c5 bxc5 25. bxc5 Rb2+
26. Kf3 Rxa2 27. c6 f6 28. Be3 Rc7 29. Bf2 Ra6 30. Rd1 Raxc6 31. Rd8+ Kf7 32.
Rh8 Kg6 33. Ra8 a6 34. Be1 Rc8 35. Ra7 Rd8 36. Ke3 f5 37. Bg3 Rd5 38. Be1 e5
39. g3 Kh6 40. Bb4 f4+ 41. Kf3 Rd3+ 42. Ke2 Re3+ 43. Kd2 Rg6 44. gxf4 exf4 45.
Rf7 1-0